MARC

Tag First Indicator Second Indicator Subfields
LEADER 00000cam a2200000 a 4500
001 in00000606821
005 20151014093410.0
008 870601s1985 txuad b 00000 eng d
027 |a FHWA/TX-86/50+359/2 
035 |a (OCoLC)15795310 
035 |9 ACR0355AM 
040 |a CBT  |c CBT  |d m/c  |d TXA  |d UtOrBLW 
049 1 |a TXA2 
086 |a H1333.7 R311 no. 359-2  |2 txdocs 
088 |a CTR 3-18-83-359-2 
090 |a TA1001  |b .R48 no. 359-2 
245 0 0 |a Rapid repair of wet asphaltic concrete using fly ash /  |c by David Cherem-Sacal [and others] ; conducted for Texas State Department of Highways and Public Transportation in cooperation with the U.S. Department of Transportation, Federal Highway Administration by the Center for Transportation Research, Bureau of Engineering Research, the University of Texas at Austin. 
264 1 |a Austin :  |b Center for Transportation Research, University of Texas at Austin ;  |a [Springfield, Va.] :  |b [Available from the National Technical Information Service],  |c [1985] 
300 |a xv, 145 pages :  |b illustrations, charts ;  |c 28 cm. 
336 |a text  |b txt  |2 rdacontent 
337 |a unmediated  |b n  |2 rdamedia 
338 |a volume  |b nc  |2 rdacarrier 
490 1 |a Research report ;  |v no. 359-2 
500 |a "October 1985." 
513 |a Interim report. 
536 |d Project 3-18-83-359 
650 0 |a Pavements, Asphalt concrete  |x Maintenance and repair. 
650 0 |a Pavements, Asphalt concrete  |x Additives. 
650 0 |a Fly ash. 
700 1 |a Cherem-Sacal, David. 
710 1 |a Texas.  |b State Department of Highways and Public Transportation. 
710 2 |a University of Texas at Austin.  |b Center for Transportation Research. 
830 0 |a Research report (Austin, Tex.) ;  |v no. 359-2. 
999 |a MARS 
999 f f |s 3abebd39-248a-33f1-8ac3-9bbc15fe95e7  |i 7250d683-56fc-3925-991e-fbf015e86dd1  |t 0 
952 f f |p ric  |a Texas A&M University  |b Rellis Campus  |c Joint Library Facility  |d Remote Storage  |t 0  |e HE203 .T43 no.359-2  |h Library of Congress classification  |i unmediated -- volume  |m A14809977780 
998 f f |a HE203 .T43 no.359-2  |t 0  |l Remote Storage